Psicología del aprendizaje en el aula
Guardat en:
| Autor principal: | |
|---|---|
| Format: | Llibre |
| Idioma: | espanyol |
| Publicat: |
Buenos Aires
Paidós
1967
|
| Col·lecció: | Biblioteca del Educador Contemporáneo, 46
|
| Matèries: | |
| Etiquetes: |
Afegir etiqueta
Sense etiquetes, Sigues el primer a etiquetar aquest registre!
|
MARC
| LEADER | 00000nam a2200000 a 4500 | ||
|---|---|---|---|
| 001 | UCU2012 | ||
| 003 | CL-VaPUC | ||
| 008 | 960419e19670000AG |||||||||||||||||spa|d | ||
| 082 | 0 | 4 | |a 370.15 |b CRA |2 21 |
| 100 | 0 | |a Craig, Robert C |e author |9 357838 | |
| 245 | 1 | 0 | |a Psicología del aprendizaje en el aula |
| 300 | |a 145 p | ||
| 942 | |c BK | ||
| 945 | |d 19960419 00:00:00 |a lriquelm | ||
| 260 | |a Buenos Aires |b Paidós |c 1967 | ||
| 600 | 0 | 7 | |a THORNDIKE, EDWARD L |2 CL-VaPUC |9 343407 |
| 600 | 0 | 7 | |a MILLER, NEAL |2 CL-VaPUC |9 357839 |
| 600 | 0 | 7 | |a HULL, CLARK L |2 CL-VaPUC |9 343414 |
| 600 | 0 | 7 | |a SKINNER, BURRHUS FREDERICK |2 CL-VaPUC |9 336267 |
| 650 | 0 | |a Psicología educacional |9 307830 | |
| 650 | 0 | |a Aprendizaje |9 254827 | |
| 650 | 0 | |a Psicología |9 257863 | |
| 650 | 0 | |a Motivación |9 315362 | |
| 650 | 0 | |a Procesos de aprendizaje |9 309161 | |
| 650 | 0 | |a Conducta humana |9 269906 | |
| 583 | |a last modification |c 19960419 00:00:00 |k Rodrigo Vera | ||
| 490 | 0 | |a Biblioteca del Educador Contemporáneo, 46 | |
| 999 | |c 246418 |d 246416 | ||
| 952 | |0 0 |1 0 |4 0 |6 370_150000000000000_CRA_1967 |7 0 |8 A |9 261382 |a BIBING |b BIBING |d 2019-11-19 |i 2017830 |l 1 |o 370.15 CRA 1967 |p 2017830 |r 2025-01-20 |s 2024-08-21 |w 2019-11-19 |y BK |k GEO | ||